| 000 | 01215 a2200169 4500 | ||
|---|---|---|---|
| 003 | Nust | ||
| 005 | 20170207154158.0 | ||
| 010 | _b0139141014 | ||
| 040 | _cNust | ||
| 082 | _a621.38 | ||
| 100 | _aRabiner, Lawrence R | ||
| 245 |
_aTheory and Application of Digital Signal Processing _cRabiner, Lawrence R |
||
| 260 |
_aEnglewood Cliffs, N.J _bPrentice-Hall, _c[1975] |
||
| 300 | _a xv, 762 p. | ||
| 505 | _aIntroduction (Page-1) Theory of Discrete-Time Linear Systems (Page-9) The Theory and Approximation of Finite Duration Impulse Response Digital Filters (Page-75) Theory and Approximation of in Finite Impulse Response Digital (Page-205) Finite Word Length Effects in Digital Filters (Page-295) Spectrum Analysis and the Fast Fourier Transform (Page-356) An Introduction to the Theory of Two-Dimensional Signal Processing (Page-438) Introduction to digital Hardware (Page-484) Special Purpose Hardware for Digital Filtering and Signal Generation (Page-541) Special Purpose Hardware for the FFT (Page-573) General-Purpose Hardware for Signal Processing Facilities (Page-627) Applications of Digital Signal Processing to Speech (Page-658) Applications to Radar (Page-709) | ||
| 538 | _aAlmirah No.127 Shelf No.1 | ||
| 942 |
_2ddc _cBK |
||
| 999 |
_c194603 _d194603 |
||